Amanah dan tuntutannya dalam pentadbiran 17 Jun 1988

Bibliographic Details
Main Author: Ishak Mohd Rejab
Corporate Author: Institut Penilaian Negara
Format: Book
Published: Bangi : Institut Penilaian Negara , 1988
Subjects:

MARC

LEADER 00000cam a2200000 7i4500
001 0000005761
005 20111219.0
040 |a INS 
090 0 0 |a VCD 429 
100 0 |a Ishak Mohd Rejab 
245 0 0 |a Amanah dan tuntutannya dalam pentadbiran   |c Prof. Madya Dr. Ishak Mohd Rejab [  |h cakera video] :   |b 17 Jun 1988 
260 |a Bangi :   |b Institut Penilaian Negara ,   |c 1988 
300 |a 2 cakera video (84 min.) :   |b by., wrn. ;   |c 4 3/4 in. 
500 |a Juga terdapat dalam format vhs : VHS 134 
650 0 |a Malaysia   |x Politics and government 
710 1 |a Institut Penilaian Negara 
999 |a VCD0000429   |b VIDEO CD   |c Media Collection   |e Default branch